Sports Quiz

Random Sports or Logo Quiz

Red Parts of Sports Logos Quiz Stats

 Plays Quiz not verified by Sporcle

Challenge
Share
Tweet
Score 0/16 Timer 04:00
0 Plays Today
# Sports Team % Correct
1Pittsburgh Steelers
95.3%
4Philadelphia 76ers
94.1%
2Portland Trailblazers
92.3%
6New England Patriots
91.1%
15Atlanta Falcons
91.1%
8Carolina Hurricanes
88.8%
5Washington Wizards
87.6%
12Toronto Blue Jays
87%
# Sports Team % Correct
13Houston Texans
85.8%
9Minnesota Wild
82.2%
10Chicago Blackhawks
75.7%
3Buffalo Bills
68.6%
14Columbus Blue Jackets
66.9%
16Ottawa Senators
65.7%
11Tennessee Titans
59.8%
7New York Rangers
26%

You're not logged in!

Compare scores with friends on all Sporcle quizzes.
Join for Free
OR
Log In

You Might Also Like...

Show Comments

Extras

Created Mar 31, 2014ReportNominate
Tags:Logo Quiz, red, team

Top Quizzes Today


Score Distribution

Your Account Isn't Verified!

In order to create a playlist on Sporcle, you need to verify the email address you used during registration. Go to your Sporcle Settings to finish the process.

Report this User

Report this user for behavior that violates our Community Guidelines.

Details: